LEADER 01287nam a2200265 4500 001 000000355215 003 CaOOAMICUS 005 20230831111517.0 008 230831s2020 it 000 u ita r 020 $a978-88-534-3438-8 040 $aSeMil$bita 100 1 $aValente, Massimiliano,$d<1967- >.$0(OLS)http://semarc/name/87852 245 12$aL'Ostpolitik della Santa Sede e la Jugoslavia socialista :$b1945-1971 /$cMassimiliano Valente. 264 1$aRoma :$bSocietà Editrice Dante Alighieri,$c2020. 300 $aXI, 214 p. ;$c24 cm 490 1 $aBiblioteca della Nuova rivista storica ;$v57 650 4$aJugoslavia - Storia.$0(OLS)http://semarc/subject/38326 650 4$aSanta Sede - Rapporti [con la] Jugoslavia - 1945-1971.$0(OLS)http://semarc/subject/54222 830 0$aBiblioteca della Nuova rivista storica ;$v57.$0(OLS)http://semarc/title/22738 850 $aSeMil 852 $aSeMil$W1$xVenegono$y1$m3A IV 343$j243296$B246492$CSeMilBibl$Z2$F246492 $81 996 $6020$a978-88-534-3438-8$9(OLS)http://semarc/number/298781 996 $6245$aL'Ostpolitik della Santa Sede e la Jugoslavia socialista :$b1945-1971$9(OLS)http://semarc/title/445396 996 $6264$aRoma :$bSocietà Editrice Dante Alighieri$9(OLS)http://semarc/publisher/36503 LEADER 01021nam a2200241 i 4500 001 000000189848 003 CaOOAMICUS 005 20100519000000.0 008 100519s1978 fr u000 u fre u 013 $a168160 040 $aSeMil$bita 100 1 $aDéchanet, Jean-Marie,$c.$0(OLS)http://semarc/name/26079 245 10$aGuillaume de Saint-Thierry :$baux sources d'une pensée /$cPar Jean Déchanet. 260 $aParis :$bBeauchesne,$ccopyr. 1978. 300 $a150 p. ;$c22 cm. 490 0 $aThéologie historique ;$v49 600 04$aGuglielmo : di Saint-Thierry .$0(OLS)http://semarc/subject/11171 830 0$aThéologie historique ;$v49.$0(OLS)http://semarc/title/80 850 $aSeMil 852 $aSeMil$W1$xVenegono$y1$m2U I 49$j140479$B140479$CSeMilBibl$Z2$F152099 $81 961 $aOmaggio: Altro 996 $6245$aGuillaume de Saint-Thierry :$baux sources d'une pensée$9(OLS)http://semarc/title/273400 996 $6260$aParis :$bBeauchesne$9(OLS)http://semarc/publisher/29638